Intersections: Interdisciplinary Research on Architecture, Design, City and Territory / (Record no. 8831)

MARC details
000 -LEADER
fixed length control field 00654nam a22001697a 4500
003 - CONTROL NUMBER IDENTIFIER
control field OSt
005 - DATE AND TIME OF LATEST TRANSACTION
control field 20260412094624.0
008 - FIXED-LENGTH DATA ELEMENTS--GENERAL INFORMATION
fixed length control field 260412b |||||||| |||| 00| 0 eng d
020 ## - INTERNATIONAL STANDARD BOOK NUMBER
International Standard Book Number 9783031764011
040 ## - CATALOGING SOURCE
Transcribing agency n
082 ## - DEWEY DECIMAL CLASSIFICATION NUMBER
Classification number 720.1 V53 2025
245 ## - TITLE STATEMENT
Title Intersections: Interdisciplinary Research on Architecture, Design, City and Territory /
Statement of responsibility, etc. editors. Magdalena, Vicuña Emanuele Giorgi.
300 ## - PHYSICAL DESCRIPTION
Extent xxv, 672 pages : illustrations (some color) ; 24 cm
650 ## - SUBJECT ADDED ENTRY--TOPICAL TERM
Topical term or geographic name entry element Architecture and urban studies; city planning and design; human geography; interdisciplinary urban research.
700 ## - ADDED ENTRY--PERSONAL NAME
Personal name Magdalena Vicuña, Emanuele Giorgi
942 ## - ADDED ENTRY ELEMENTS (KOHA)
Source of classification or shelving scheme Dewey Decimal Classification
Koha item type English Book
Suppress in OPAC No
Holdings
Withdrawn status Lost status Source of classification or shelving scheme Damaged status Not for loan Home library Current library Date acquired Total Checkouts Full call number Barcode Date last seen Price effective from Koha item type
    Dewey Decimal Classification     CENTRAL TUWAIQ 04/12/2026   720.1 V53 2025 1000000029142 04/12/2026 04/12/2026 English Book